000 00524nam a2200181Ia 4500
001 22013
003 IN-NITTTR
005 20251114233249.0
008 251113s9999||||xx |||||||||||||| ||eng||
040 _beng
040 _cIN-NITTTR
041 _aeng
082 _a428.202465 B765B
100 _aBrieger, Nick
245 0 _aBusiness english :
_b materials for developing reading and speaking skills for students of business english. /
_cBrieger, Nick, Comfort, Jeremy
700 _a Comfort, Jeremy
942 _2ddc
_cBK
999 _c24642
_d24642